| 000 | 00000nam 2200000za 4500 |
| 001 | 9.700205 |
| 003 | CaOODSP |
| 005 | 20230817100704 |
| 007 | cr ||||||||||| |
| 008 | 150407|2013||||xxc|||||o f|0| 0 eng d |
| 040 | |aCaOODSP|beng |
| 043 | |an-cn--- |
| 086 | 1 |aNH15-407/2013E-PDF |
| 110 | 2 |aCanada Mortgage and Housing Corporation. |
| 245 | 10|aCondominium buyers' guide |h[electronic resource] |
| 250 | |aRevised 2013 |
| 260 | |aOttawa - Ontario : |bCanada Mortgage and Housing Corporation |c2013. |
| 300 | |a39p.|bglossary, table |
| 500 | |aCatalogue number (NH15-407/2003E) and ISBN (0-662-33517-1) are printed in this publication. |
| 590 | |a15-01|b2015-01-02 |
| 690 | 07|aHousing|2gcpds |
| 775 | 08|tLogements en copropriété - guide de l'acheteur |w(CaOODSP)9.644108 |
| 795 | |tCondominium buyers' guide |w(CaOODSP)9.694906 |
| 856 | 40|ahttp://publications.gc.ca|qPDF|s2258 KB|uhttps://publications.gc.ca/collections/collection_2014/schl-cmhc/NH15-407-2013-eng.pdf |